• 首页
  • 本馆介绍
  • 公告通知
  • 最新文献
  • 馆藏检索
  • 电子资源
  • 读者导购
  • 参考咨询
  • 我的图书馆
  • 登录
  • 详细信息显示
  • 放入我的书架
  • 预约/预借图书
  • 作者相关作品
  • 分类相关作品
  • 丛书相关作品
  • 出版社相关作品

书目信息

  • 表格格式
  • 工作单格式
  • 卡片格式
题名:
唐代官方史学研究
    
 
作者: 岳纯之 著
分册:  
出版信息: 天津   天津人民出版社  2003
页数: 227页
开本: 21cm
丛书名: 南开大学法学学术丛书
单 册:
中图分类: K092.42
科图分类:
主题词: 史学史--研究--中国--唐代 , 史学史
电子资源:
ISBN: 7-201-04289-0
000 00895oam2 2200265 450
001 05002477951
005 20051008103239.65
010    @a7-201-04289-0@dCNY16.00
100    @a20050122d2003 ekmy0chiy0120 ea
101 0  @achi
102    @aCN@b120000
105    @ay az 000yy
200 1  @a唐代官方史学研究@9tang dai guan fang shi xue yan jiu@f岳纯之著@Fyue chun zhi zhu
210    @a天津@c天津人民出版社@d2003
215    @a227页@d21cm
225 2  @a南开大学法学学术丛书
320    @a有书目
330    @a本书论述了唐代官方史学的历史渊源、基本状况、一般特点和史学影响,探讨了唐代官方主要修史机构史馆的渊源、创设、人员设置、史料征集、撰述活动和史学影响等内容。
461  0 @12001 @a南开大学法学学术丛书
606 0  @a史学史@x研究@y中国@z唐代
606 0  @a史学史
690    @aK092.42@v4
701  0 @a岳纯之@Ayue chun zhi@4著
801  0 @aCN@bTSSF@c20051008
905    @a10447@dK092.42@e40
    
    唐代官方史学研究/岳纯之著.-天津:天津人民出版社,2003
    227页;21cm.-(南开大学法学学术丛书)
    
    
    ISBN 7-201-04289-0:CNY16.00
    本书论述了唐代官方史学的历史渊源、基本状况、一般特点和史学影响,探讨了唐代官方主要修史机构史馆的渊源、创设、人员设置、史料征集、撰述活动和史学影响等内容。
●
相关链接 在E读中查询图书 在五车中查询图书 在当当中查询图书 在豆瓣中查询图书


正题名:唐代官方史学研究     索取号:K092.42/40         预约/预借

序号 登录号 条形码 馆藏地/架位号 状态 备注
1 0364327   3643276   第二样本阅览室/ [索取号:K092.42/40] 在馆    
2 0364328   3643285   第二借阅区/ [索取号:K092.42/40] 在馆    
3 0364329   3643294   第二借阅区/ [索取号:K092.42/40] 在馆    
4 0364330   3643301   第二借阅区/ [索取号:K092.42/40] 在馆    
5 0364331   3643310   第二借阅区/ [索取号:K092.42/40] 在馆    
唐山师范学院图书馆 欢迎您!
大连网信软件有限公司© 版权所有